Central Library OPAC University of Rajshahi

Economic growth : (Record no. 43037)

MARC details
000 -LEADER
fixed length control field 00691nam a2200217 a 4500
001 - CONTROL NUMBER
control field 43037
003 - CONTROL NUMBER IDENTIFIER
rucl marc code BD-RjUL
005 - DATE AND TIME OF LATEST TRANSACTION
control field 20211209053632.0
008 - FIXED-LENGTH DATA ELEMENTS--GENERAL INFORMATION
fixed length control field 160619s19621956enka 001 0 eng d
035 ## - SYSTEM CONTROL NUMBER
System control number (BD-RjUL)43155
040 ## - CATALOGING SOURCE
Original cataloging agency BD-RjUL
Language of cataloging eng
Transcribing agency BD-RjUL
Modifying agency BD-RjUL
041 ## - LANGUAGE CODE
Language code of text/sound track or separate title eng
082 ## - DEWEY DECIMAL CLASSIFICATION NUMBER
Classification number 330.942
Edition number 23
Author mark and year BRE 1962
100 1# - MAIN ENTRY--PERSONAL NAME
Personal name Bridbury, A. R.
9 (RLIN) 132067
245 10 - TITLE STATEMENT
Title Economic growth :
Remainder of title England in the later Middle Ages /
Statement of responsibility, etc. A. R. Bridbury.
260 ## - PUBLICATION, DISTRIBUTION, ETC. (IMPRINT)
Place of publication, distribution, etc. London :
Name of publisher, distributor, etc. Allen & Unwin,
Date of publication, distribution, etc. 1962,
300 ## - PHYSICAL DESCRIPTION
Pagination 115 p. :
Illustrations ill ;
Size 21 cm.
651 #0 - SUBJECT ADDED ENTRY--GEOGRAPHIC NAME
Geographic name Great Britain
General subdivision History
Chronological subdivision Medieval period, 1066-1485.
9 (RLIN) 132152
Geographic name England
General subdivision Economic conditions
Chronological subdivision 1066-1485.
9 (RLIN) 132153
942 ## - ADDED ENTRY ELEMENTS (KOHA)
Source of classification or shelving scheme Dewey Decimal Classification
Koha item type Books
Holdings
Lost status Source of classification or shelving scheme Damaged status Not for loan Collection code Permanent Location Current Location Shelving location Date acquired Source of acquisition Cost, normal purchase price Total Checkouts Full call number Date last seen Copy number Koha item type
  Dewey Decimal Classification     Non-fiction Central Library, University of Rajshahi Central Library, University of Rajshahi   09/06/1964 Zeithinger 18.00   330.942 BRE 1962 19/06/2016 C-2 Books